000 00676nam a2200193 a 4500
008 120416s1998 ||||||||||||||||| || u
020 _a0521586380
050 _aHD 87 Aco
100 _aAcocella, Nicola, 1939-
245 1 4 _aThe foundations of economic policy
246 _avalues and techniques
260 _aCambridge
_bCambridge University Press
_c1998.
300 _axx, 519 p. : ill.
350 _a0.00
500 _aBibliography.
650 0 _aECONOMICS
650 _aECONOMIC POLICY--AFRICA
995 _D0.00
_FCBU-MAIN LIBRARY (Kitwe)
_H1
_I28.95
_M1
_UAVAILABLE
_WAug 1, 2006
_ZMain Library Open Access Collection
999 _c43891
_d43891